Normal view
MARC view
- ELGIN,HADEN SUZETTE
Entry Personal Name
001 - CONTROL NUMBER
- control field: 132744
003 - CONTROL NUMBER IDENTIFIER
- control field: NUST
005 - DATE AND TIME OF LATEST TRANSACTION
- control field: 20260109102734.0
008 - FIXED-LENGTH DATA ELEMENTS
- fixed length control field: 260109|| aca||aabn | a|a d
040 ## - CATALOGING SOURCE
- Original cataloging agency: NUST
- Transcribing agency: NUST
100 ## - HEADING--PERSONAL NAME
- Personal name: ELGIN,HADEN SUZETTE
670 ## - SOURCE DATA FOUND
- Source citation: Work cat.: (NUST): ELGIN,HADEN SUZETTE., YOU CAN'T SAY THAT TO ME STAPPONG THE PAIN OF VERBAL ABUSE-AN 8 STEP PROGRAM /, 1995.
